<?xml version="1.0" encoding="UTF-8"?>
<record
    xmlns:xsi="http://www.w3.org/2001/XMLSchema-instance"
    xsi:schemaLocation="http://www.loc.gov/MARC21/slim http://www.loc.gov/standards/marcxml/schema/MARC21slim.xsd"
    xmlns="http://www.loc.gov/MARC21/slim">

  <leader>03447nam a2200577Ia 4500</leader>
  <controlfield tag="001">716</controlfield>
  <controlfield tag="008">241029s9999    xx            000 0 und d</controlfield>
  <datafield tag="010" ind1=" " ind2=" ">
    <subfield code="a">644</subfield>
  </datafield>
  <datafield tag="041" ind1=" " ind2=" ">
    <subfield code="a">Espa&#xF1;ol</subfield>
  </datafield>
  <datafield tag="082" ind1=" " ind2=" ">
    <subfield code="a">NO APLICA</subfield>
  </datafield>
  <datafield tag="245" ind1=" " ind2="0">
    <subfield code="a">Importancia del m&#xE9;todo: Estudio de caso como estrategia en el proceso de ense&#xF1;anza-aprendizaje del derecho, Universidad Aut&#xF3;noma de Santo Domingo, Caso Barahona 2011</subfield>
  </datafield>
  <datafield tag="260" ind1=" " ind2=" ">
    <subfield code="a">Barahona</subfield>
  </datafield>
  <datafield tag="300" ind1=" " ind2=" ">
    <subfield code="a">109</subfield>
  </datafield>
  <datafield tag="520" ind1=" " ind2=" ">
    <subfield code="a">18</subfield>
  </datafield>
  <datafield tag="630" ind1=" " ind2=" ">
    <subfield code="a">Competencia Pedag&#xF3;gica</subfield>
  </datafield>
  <datafield tag="630" ind1=" " ind2=" ">
    <subfield code="a">Competencia Profesional</subfield>
  </datafield>
  <datafield tag="630" ind1=" " ind2=" ">
    <subfield code="a">Docentes Universitarios</subfield>
  </datafield>
  <datafield tag="630" ind1=" " ind2=" ">
    <subfield code="a">Ense&#xF1;anza-Aprendizaje</subfield>
  </datafield>
  <datafield tag="630" ind1=" " ind2=" ">
    <subfield code="a">Estrategia Metodol&#xF3;gica</subfield>
  </datafield>
  <datafield tag="650" ind1=" " ind2=" ">
    <subfield code="a">Ense&#xF1;anza</subfield>
  </datafield>
  <datafield tag="690" ind1=" " ind2=" ">
    <subfield code="a">Elaborado</subfield>
  </datafield>
  <datafield tag="700" ind1=" " ind2=" ">
    <subfield code="e">asesor</subfield>
    <subfield code="a">D&#xED;az, Luis Amaury</subfield>
  </datafield>
  <datafield tag="700" ind1=" " ind2=" ">
    <subfield code="e">autor</subfield>
    <subfield code="a">Medina Valdez , Jorge Ernesto</subfield>
  </datafield>
  <datafield tag="700" ind1=" " ind2=" ">
    <subfield code="e">autor</subfield>
    <subfield code="a">Cuevas Yapul, Vicente Darln</subfield>
  </datafield>
  <datafield tag="901" ind1=" " ind2=" ">
    <subfield code="a">{"1":"Medina Valdez ","2":"Cuevas Yapul"}</subfield>
    <subfield code="b">{"1":"Jorge Ernesto","2":"Vicente Darln"}</subfield>
  </datafield>
  <datafield tag="902" ind1=" " ind2=" ">
    <subfield code="a">1</subfield>
  </datafield>
  <datafield tag="903" ind1=" " ind2=" ">
    <subfield code="a">{"1":"D&#xED;az"}</subfield>
    <subfield code="b">{"1":"Luis Amaury"}</subfield>
  </datafield>
  <datafield tag="904" ind1=" " ind2=" ">
    <subfield code="a">Maestr&#xED;a en</subfield>
  </datafield>
  <datafield tag="905" ind1=" " ind2=" ">
    <subfield code="a">Ense&#xF1;anza Superior</subfield>
  </datafield>
  <datafield tag="906" ind1=" " ind2=" ">
    <subfield code="a">2</subfield>
  </datafield>
  <datafield tag="907" ind1=" " ind2=" ">
    <subfield code="a">NO APLICA</subfield>
  </datafield>
  <datafield tag="908" ind1=" " ind2=" ">
    <subfield code="a">NO APLICA</subfield>
  </datafield>
  <datafield tag="909" ind1=" " ind2=" ">
    <subfield code="a">Universidad Aut&#xF3;noma de Santo Domingo (UASD)</subfield>
  </datafield>
  <datafield tag="910" ind1=" " ind2=" ">
    <subfield code="a">NULL</subfield>
    <subfield code="b">NULL</subfield>
  </datafield>
  <datafield tag="911" ind1=" " ind2=" ">
    <subfield code="a">["1"]</subfield>
  </datafield>
  <datafield tag="912" ind1=" " ind2=" ">
    <subfield code="a">NO APLICA</subfield>
  </datafield>
  <datafield tag="913" ind1=" " ind2=" ">
    <subfield code="a">NULL</subfield>
  </datafield>
  <datafield tag="914" ind1=" " ind2=" ">
    <subfield code="a">04 de Junio de 2012</subfield>
  </datafield>
  <datafield tag="915" ind1=" " ind2=" ">
    <subfield code="a">20/07/15 10:07</subfield>
  </datafield>
  <datafield tag="916" ind1=" " ind2=" ">
    <subfield code="a">NULL</subfield>
  </datafield>
  <datafield tag="917" ind1=" " ind2=" ">
    <subfield code="a">NULL</subfield>
  </datafield>
  <datafield tag="918" ind1=" " ind2=" ">
    <subfield code="a">NO APLICA</subfield>
  </datafield>
  <datafield tag="919" ind1=" " ind2=" ">
    <subfield code="a">["38","39","71","89","95"]</subfield>
  </datafield>
  <datafield tag="520" ind1=" " ind2=" ">
    <subfield code="a">El estudio se plante&#xF3; como objetivo principal identificar los m&#xE9;todos de ense&#xF1;anza-aprendizaje que utilizan los docentes para la ense&#xF1;anza del derecho en la Universidad Aut&#xF3;noma de Santo Domingo UASD, Centro Barahona, y describir la frecuencia con que los docentes de la carrera de derecho de la UASD centro Barahona utilizan como estrategia de ense&#xF1;anza del estudio de caso. &#xA0;La metodolog&#xED;a seguida en esta investigaci&#xF3;n fue exploratoria, descriptiva, &#xA0;los m&#xE9;todos inductivo-deductivo; &#xA0;se aplicaron las t&#xE9;cnicas de an&#xE1;lisis documental, observaci&#xF3;n, entrevista y se utiliz&#xF3; como instrumento un cuestionario de preguntas aplicadas a una muestra de 9 docentes, correspondiente a la totalidad de docentes de la Licenciatura en Derecho en la UASD, Barahona. Los an&#xE1;lisis realizados indicaron que un 100% de los docentes de la UASD Centro Barahona 2011-2, &#xA0;en el &#xE1;rea de Derecho afirman utilizar como estrategia de ense&#xF1;anza para impartir los contenidos el m&#xE9;todo de estudio de caso, sin embargo, al comparar la versi&#xF3;n de los docentes con la observaci&#xF3;n en el aula, se pudo comprobar que solo el 55% utiliza este m&#xE9;todo.&#xA0; El 89% de los docentes dicen conocer el m&#xE9;todo del estudio de casos y un 11.11% afirma no conocerlo. &#xA0;Esto evidencia que de 9 docentes, 5 aplican el m&#xE9;todo de estudio de caso, y 4 no lo hacen, esta mayor&#xED;a simple &#xA0;muestra que una cantidad muy considerable, al no aplicarlo, constituye el factor de las debilidades que presentan los egresados de la carrera de Derecho de este centro.El estudio recomienda que los docentes de la UASD &#xA0;Centro Barahona, deben utilizar expedientes judiciales para ser estudiados y analizados en el aula con los discentes; &#xA0;incentivar la investigaci&#xF3;n en casos reales, incentivar las pr&#xE1;cticas de juicios p&#xFA;blicos, orales y contradictorios, etc.</subfield>
  </datafield>
  <datafield tag="921" ind1=" " ind2=" ">
    <subfield code="a">16</subfield>
  </datafield>
  <datafield tag="922" ind1=" " ind2=" ">
    <subfield code="a">16</subfield>
  </datafield>
  <datafield tag="923" ind1=" " ind2=" ">
    <subfield code="a">0</subfield>
  </datafield>
  <datafield tag="924" ind1=" " ind2=" ">
    <subfield code="a">NO APLICA</subfield>
  </datafield>
  <datafield tag="942" ind1=" " ind2=" ">
    <subfield code="c">Tesis</subfield>
  </datafield>
  <datafield tag="999" ind1=" " ind2=" ">
    <subfield code="c">644</subfield>
    <subfield code="d">644</subfield>
  </datafield>
</record>
